000 00413nam a2200157Ia 4500
005 20250923144438.0
008 008 250917s9999 xx 000 0 eng d
037 _aTextual
040 _aDSWL
_beng
_cDSWL
041 _aeng
_2eng
084 _qDSWL
245 0 _aLife and leasure
_cby PEA: Comm on Human Relations
260 _aNew York
_b The Author
_c1937
942 _cTEXL
999 _c1438967
_d1438967